Ultimate Arsenal Quiz - Statistics

General Stats
  • This quiz has been taken 1,526 times
  • The average score is 17 of 23
Answer Stats
Hints / Questions Answer % Correct
All-time top goal scorer Thierry Henry
99%
What number did he famously wear? 14
96%
Current / longest serving manager Arsene Wenger
95%
What is Arsenal's nickname The Gunners
95%
Current Stadium Emirates Stadium
89%
Arsenal's famous North London rivals Tottenham Hotspur
89%
How many times has Arsenal won the FA Cup 12
86%
How many times has Arsenal won the Premier League? 3
86%
How many years has he been Arsenal's manager? 20
85%
Their nickname given after the 03/04 BPL Season The Invincibles
84%
Who did Arsenal lose to in the 2006 UEFA Champion's League final Barcelona
81%
Former Stadium Highbury
81%
Who makes Arsenal's kit? Puma
77%
Record transfer signing Mesut Ozil
76%
When were Arsenal founded? 1886
72%
Who scored the winner in the 2014 FA Cup final? Aaron Ramsey
70%
Name of the Mascot Gunnersaurus
66%
Who were Arsenal's opponents? Hull
65%
Who was Arsenal's only goal scorer in the match Sol Campbell
59%
Who becomes Captain when ^ is injured? Per Mertesacker
48%
Who is Arsenal's current Captain? Mikel Arteta
46%
Who was the Captain before the current one? Thomas Vermaelen
23%
What was his transfer fee? 42.5 million
21%
No matching quizzes found
Score Distribution
Percent of People with Each Score
Percentile by Number Answered
Your Score History
You have not taken this quiz